STATICS (BA/ B.Sc.2 SEM-3 (Record no. 10088)

MARC details
000 -LEADER
fixed length control field 00232nam a22001097a 4500
003 - CONTROL NUMBER IDENTIFIER
control field SGT
100 ## - MAIN ENTRY--PERSONAL NAME
Personal name JAIN, M. L.
245 ## - TITLE STATEMENT
Title STATICS (BA/ B.Sc.2 SEM-3
260 ## - PUBLICATION, DISTRIBUTION, ETC. (IMPRINT)
Place of publication, distribution, etc NEW DELHI
Name of publisher, distributor, etc JEEVANSONS
Year of Publication 2016
300 ## - PAGE DESCRIPTION
No. of Pages V. P.
942 ## - ADDED ENTRY ELEMENTS (KOHA)
Source of classification or shelving scheme Dewey Decimal Classification
Koha item type FPS Books
Holdings
Withdrawn status Lost status Source of classification or shelving scheme Damaged status Not for loan Collection code Home library Current library Shelving location Date acquired Vendor Name Cost, normal purchase price SGTU Bill Number Total Checkouts Total Renewals Accession No. (Barcode) Date last seen Date last borrowed Bill Date Koha item type
    Dewey Decimal Classification     SCIENCE SGT Science & Social Sciences Library SGT Science & Social Sciences Library Text Book 01/12/2016 UNIVERSAL BOOK STALL 205.00 SGTU 337 13 1 PS2966 15/10/2019 09/10/2019 20/10/2016 FPS Books
    Dewey Decimal Classification     SCIENCE SGT Science & Social Sciences Library SGT Science & Social Sciences Library Text Book 01/12/2016 UNIVERSAL BOOK STALL 205.00 SGTU 337 19   PS2967 26/11/2018 12/11/2018 20/10/2016 FPS Books
    Dewey Decimal Classification     SCIENCE SGT Science & Social Sciences Library SGT Science & Social Sciences Library Text Book 01/12/2016 UNIVERSAL BOOK STALL 205.00 SGTU 337 17   PS2968 03/12/2018 17/11/2018 20/10/2016 FPS Books
    Dewey Decimal Classification     SCIENCE SGT Science & Social Sciences Library SGT Science & Social Sciences Library Text Book 01/12/2016 UNIVERSAL BOOK STALL 205.00 SGTU 337 17   PS2969 30/04/2019 13/11/2018 20/10/2016 FPS Books
    Dewey Decimal Classification     SCIENCE SGT Science & Social Sciences Library SGT Science & Social Sciences Library Text Book 01/12/2016 UNIVERSAL BOOK STALL 205.00 SGTU 337 15   PS2970 26/11/2018 12/11/2018 20/10/2016 FPS Books
    Dewey Decimal Classification     SCIENCE SGT Science & Social Sciences Library SGT Science & Social Sciences Library Text Book 01/12/2016 UNIVERSAL BOOK STALL 205.00 SGTU 337 8   PS2971 08/12/2017 23/11/2017 20/10/2016 FPS Books
    Dewey Decimal Classification     SCIENCE SGT Science & Social Sciences Library SGT Science & Social Sciences Library Text Book 01/12/2016 UNIVERSAL BOOK STALL 205.00 SGTU 337 18   PS2972 26/11/2018 12/11/2018 20/10/2016 FPS Books
    Dewey Decimal Classification     SCIENCE SGT Science & Social Sciences Library SGT Science & Social Sciences Library Text Book 01/12/2016 UNIVERSAL BOOK STALL 205.00 SGTU 337 17 1 PS2973 26/11/2018 17/11/2018 20/10/2016 FPS Books